00740nam a2200193 a 450000100100000000500170001000800410002704000250006808200160009310000320010924500460014125000120018726000670019930000200026604900090028695201140029595201200040999900170052900001609820200929164255.0100225s1984 dr 001 0 spa d aDO-SdBNPbspacBNPHu axxxxbS232n1 aSantana, Julio Cesar93608610aNuevos horizontes /cJulio Cesar Santana. a3a. ed. aSan Pedro de Macorís, República Dominicana :bOlga,c1984. a24 p. ;c22 cm. aBNPD 0010718PDaPDbPDcCTd2010-02-25iLF1l0oxxxx S232np16098-10r2020-06-25w2020-06-25yLFPDZNo se presta 0010718PDaPDbPDcCTd2011-04-13iLF1l0oxxxx S232np16098-20r2020-06-25te. 2w2020-06-25yLFPDZNo se presta c15639d15639